Statistiques concernant Les équipes ayant battu la France en Coupe du Monde

Cliquez ici pour prendre le quiz!

Statistiques générales

  • Ce quiz a été pris 41 302 fois
    (29 919 depuis la dernière actualisation)
  • Le résultat moyen est 10 sur 16

Statistiques - réponses

AnnéesAdversaire% Correct
1930, 1978, 2022Argentine
99%
2014Allemagne
97%
1982, 1986Allemagne de l'Ouest
97%
1958Brésil
94%
1938, 1978, 2006Italie
94%
1966, 1982Angleterre
78%
2022Tunisie
76%
1966Uruguay
71%
2010Afrique du Sud
56%
2010Mexique
56%
2002Danemark
49%
2002Sénégal
42%
1982Pologne
41%
1930Chili
35%
1954, 1958Yougoslavie
30%
1934Autriche
26%

Distribution des résultats

Percentile par nombre de réponses

% des personnes avec chaque résultat

Votre développement - résultats

Vous n’avez pas pris ce quiz depuis la dernière actualisation